书目信息 |
| 题名: |
跳出设计做设计
|
|
| 作者: | 曾晓峰 , 布丁 编著 | |
| 分册: | ||
| 出版信息: | 北京 中国建筑工业出版社 2016.05 |
|
| 页数: | 10, 166页 | |
| 开本: | 21cm | |
| 丛书名: | ||
| 单 册: | ||
| 中图分类: | TU318 | |
| 科图分类: | ||
| 主题词: | 建筑结构--jian zhu jie gou--结构设计 | |
| 电子资源: | ||
| ISBN: | 978-7-112-18692-1 | |
| 000 | 00962nam0 2200241 450 | |
| 001 | 1641954656 | |
| 005 | 20190306081310.40 | |
| 010 | @a978-7-112-18692-1@dCNY23.00 | |
| 100 | @a20160810d2016 em y0chiy50 ea | |
| 101 | 0 | @achi |
| 102 | @aCN@b110000 | |
| 105 | @aak z 000yy | |
| 200 | 1 | @a跳出设计做设计@Atiao chu she ji zuo she ji@e结构设计常见问题解析@f曾晓峰, 布丁编著 |
| 210 | @a北京@c中国建筑工业出版社@d2016.05 | |
| 215 | @a10, 166页@c图@d21cm | |
| 330 | @a本书作者和你一起以 (外行) 的视角来审视前辈们的习惯设计做法。以法律、法规、规范为有力依据, 为我们一起努力挣脱惯性思维的束缚, 清醒认识设计中常见问题, 一起蜕变为: 条理清晰的优秀结构师、优化师。 | |
| 517 | 1 | @a结构设计常见问题解析@Ajie gou she ji chang jian wen ti jie xi |
| 606 | 0 | @a建筑结构@Ajian zhu jie gou@x结构设计 |
| 690 | @aTU318@v5 | |
| 701 | 0 | @a曾晓峰@Azeng xiao feng@4编著 |
| 701 | 0 | @a布丁@Abu ding@4编著 |
| 801 | 0 | @aCN@c20160810 |
| 905 | @a河南城建学院图书馆@dTU318@eZ027@f3 | |
| 跳出设计做设计:结构设计常见问题解析/曾晓峰, 布丁编著.-北京:中国建筑工业出版社,2016.05 |
| 10, 166页:图;21cm |
| ISBN 978-7-112-18692-1:CNY23.00 |
| 本书作者和你一起以 (外行) 的视角来审视前辈们的习惯设计做法。以法律、法规、规范为有力依据, 为我们一起努力挣脱惯性思维的束缚, 清醒认识设计中常见问题, 一起蜕变为: 条理清晰的优秀结构师、优化师。 |
| ● |
| 相关链接 |
|
|
|
正题名:跳出设计做设计
索取号:TU318/Z027
 
预约/预借
| 序号 | 登录号 | 条形码 | 馆藏地/架位号 | 状态 | 备注 |
| 1 | 1279712 | 212797124 | 建筑库101/101建筑库 80排3列2层/ [索取号:TU318/Z027] | 在馆 | |
| 2 | 1279713 | 212797133 | 建筑库101/101建筑库 80排3列2层/ [索取号:TU318/Z027] | 在馆 | |
| 3 | 1279714 | 212797142 | 建筑库101/101建筑库 80排3列2层/ [索取号:TU318/Z027] | 在馆 | |
| 4 | 1305666 | 213056663 | 建筑库101/101建筑库 80排3列2层/ [索取号:TU318/Z027] | 在馆 |